| 000 | 00440cam a2200181ua 4500 | ||
|---|---|---|---|
| 001 | 10504 | ||
| 008 | 190312n ii |||gr||||Z||||||eng | ||
| 020 | _a9788125039594 | ||
| 040 | _cMAIN | ||
| 082 | _a301 | ||
| 100 |
_aPascal Gisbert, _eAuthor. |
||
| 245 | _aFundamentals of sociology | ||
| 250 | _a1st imp rep. | ||
| 260 |
_aNew Delhi: _borient blackswan, _c2016. |
||
| 300 | _a390p. | ||
| 653 | _aSociology & anthropology | ||
| 942 | _cBK | ||
| 999 |
_c9488 _d9488 |
||